000 00340nam a22001337a 4500
020 _a8120307755
082 _222
_a621.310422
100 _aKosow, Irving L.
245 _aElectronic machinery and transformers /
250 _a2nd ed.
260 _aNew Delhi,
_bPrentice Hall,
_cc2005.
300 _axiv, 626 p. ;
_bill. ;
942 _2ddc
_cEE
_07
999 _c3678
_d3678